<?xml version="1.0" encoding="UTF-8"?>
<record
    xmlns:xsi="http://www.w3.org/2001/XMLSchema-instance"
    xsi:schemaLocation="http://www.loc.gov/MARC21/slim http://www.loc.gov/standards/marcxml/schema/MARC21slim.xsd"
    xmlns="http://www.loc.gov/MARC21/slim">

  <leader>00809    a2200241   4500</leader>
  <controlfield tag="001">122292</controlfield>
  <datafield tag="020" ind1=" " ind2=" ">
    <subfield code="a">9788555790386</subfield>
  </datafield>
  <datafield tag="040" ind1=" " ind2=" ">
    <subfield code="c">Escola Canadense de Niteroi</subfield>
  </datafield>
  <datafield tag="090" ind1=" " ind2=" ">
    <subfield code="a">ABR</subfield>
  </datafield>
  <datafield tag="100" ind1=" " ind2=" ">
    <subfield code="a">Editora Abril</subfield>
  </datafield>
  <datafield tag="245" ind1="1" ind2="0">
    <subfield code="a">Conex&#xF5;es: de S&#xF3;crates a S&#xF3;crates e outras 114 liga&#xE7;&#xF5;es inusitadas</subfield>
  </datafield>
  <datafield tag="260" ind1=" " ind2=" ">
    <subfield code="a">S&#xE3;o Paulo</subfield>
  </datafield>
  <datafield tag="300" ind1=" " ind2=" ">
    <subfield code="a">232 p.</subfield>
    <subfield code="b">il.</subfield>
    <subfield code="c">4 x 21 cm (brochura)</subfield>
  </datafield>
  <datafield tag="362" ind1="0" ind2=" ">
    <subfield code="a">2016</subfield>
  </datafield>
  <datafield tag="490" ind1="0" ind2=" ">
    <subfield code="a">Conex&#xF5;es</subfield>
  </datafield>
  <datafield tag="520" ind1=" " ind2=" ">
    <subfield code="a">Conex&#xF5;es &#xE9; uma se&#xE7;&#xE3;o cl&#xE1;ssica da SUPER: prova todos os meses, h&#xE1; 11 anos, que h&#xE1; meros 5 gruas de separa&#xE7;&#xE3;o entre qualquer coisa deste planeta. Confira nesta colet&#xE2;nea hist&#xF3;rica.</subfield>
  </datafield>
  <datafield tag="650" ind1=" " ind2="4">
    <subfield code="a">Literatura Infanto Juvenil</subfield>
  </datafield>
  <datafield tag="650" ind1=" " ind2="4">
    <subfield code="a">N&#xE3;o Fic&#xE7;&#xE3;o</subfield>
  </datafield>
  <datafield tag="650" ind1=" " ind2="4">
    <subfield code="a">Conhecimentos gerais</subfield>
  </datafield>
  <datafield tag="650" ind1=" " ind2="4">
    <subfield code="a">Lugares e Pessoas</subfield>
  </datafield>
  <datafield tag="650" ind1=" " ind2="4">
    <subfield code="a">Curiosidades</subfield>
  </datafield>
  <datafield tag="942" ind1=" " ind2=" ">
    <subfield code="c">BK</subfield>
  </datafield>
  <datafield tag="952" ind1=" " ind2=" ">
    <subfield code="0">0</subfield>
    <subfield code="1">0</subfield>
    <subfield code="4">0</subfield>
    <subfield code="7">0</subfield>
    <subfield code="a">12.10</subfield>
    <subfield code="b">12.10</subfield>
    <subfield code="d">2024-02-09</subfield>
    <subfield code="l">0</subfield>
    <subfield code="o">ABR</subfield>
    <subfield code="p">A28064</subfield>
    <subfield code="r">2024-02-09 21:18:14</subfield>
    <subfield code="w">2024-02-09</subfield>
    <subfield code="y">BK</subfield>
  </datafield>
  <datafield tag="952" ind1=" " ind2=" ">
    <subfield code="0">0</subfield>
    <subfield code="1">0</subfield>
    <subfield code="2">ddc</subfield>
    <subfield code="4">0</subfield>
    <subfield code="7">0</subfield>
    <subfield code="a">52.1</subfield>
    <subfield code="b">52.1</subfield>
    <subfield code="d">2024-06-28</subfield>
    <subfield code="l">0</subfield>
    <subfield code="o">001 C756</subfield>
    <subfield code="p">9788563222589</subfield>
    <subfield code="r">2024-06-28 12:49:53</subfield>
    <subfield code="w">2024-06-28</subfield>
    <subfield code="y">BK</subfield>
    <subfield code="u"></subfield>
  </datafield>
  <datafield tag="999" ind1=" " ind2=" ">
    <subfield code="c">122292</subfield>
    <subfield code="d">122292</subfield>
  </datafield>
</record>
